Streets Won't Forget 2 (random footballers) - Statistics

General Stats
  • This quiz has been taken 34 times
    26 since last reset
  • The average score is 10 of 16
Answer Stats
Picture Answer % Correct
Dimitri Payet
100%
Radja Nainggolan
88%
Wilfried Bony
88%
Felipe Anderson
79%
Bas Dost
71%
Hatem Ben Arfa
71%
Joaquin
67%
Fabio Quagliarella
63%
Aritz Aduriz
58%
Jose Callejon
58%
Yannick Bolasie
58%
Carlos Vela
46%
Yacine Brahimi
46%
Diego Alves
38%
Eduardo Salvio
21%
Vitolo
13%
No matching quizzes found
Score Distribution
Percent of People with Each Score
Percentile by Number Answered
Your Score History
You have not taken this quiz since the last reset